| 000 | 00884nam a2200241Ia 4500 | ||
|---|---|---|---|
| 008 | 130821s1967 ck gr spa | ||
| 040 |
_aCo-BoUCM _bspa |
||
| 041 | _aspa | ||
| 100 | 1 |
_aBravo A., Juan Rafael _9110202 |
|
| 245 | 1 | 0 |
_aCompilación de normas sobre hacienda pública _cJuan Rafael Bravo A. ; asistente de compilación Sr. Mario Jaramillo ; colaboradores Mario A. Jiménez...[et al.] |
| 260 |
_aBogotá (Colombia) _bEdiciones Rosarístas _c1967 |
||
| 300 | _a565 páginas | ||
| 490 | _aColección principe | ||
| 650 | 0 | 4 |
_aAdministración pública _9355 |
| 650 | 0 | 4 |
_aEconomía _9174 |
| 650 | 0 | 4 |
_aFinanzas _97628 |
| 650 | 0 | 4 |
_aHacienda pública _916681 |
| 650 | 0 | 4 |
_aPresupuesto nacional _922260 |
| 700 | 1 |
_aJaramillo, Mario _ecomp. _9105191 |
|
| 700 | 1 |
_aJiménez, Mario A. _9110203 |
|
| 942 |
_cLIBRO _a7 _e1 _mB71c _2DEWEY _h336 |
||
| 999 |
_c5881 _d5881 |
||